| 000 | 00915nam a2200229 i 4500 | ||
|---|---|---|---|
| 001 | 82269 | ||
| 003 | ES-MaACL | ||
| 007 | t| | ||
| 008 | 041214s2002 sp ||||1| spa d | ||
| 020 | _a84-95170-34-5 | ||
| 080 | _a726.5/6(086) | ||
| 245 | 0 | 4 |
_aLas mejores iglesias y catedrales [ _hRecurso electrónico]. |
| 260 |
_aMadrid : _bDolmen, _c[2001] |
||
| 300 |
_a1 disco compacto (CD-ROM) : _bson., col. ; _c12 cm. |
||
| 490 | 1 |
_aObras maestras. Arquitectura ; _v5 |
|
| 500 | _aRequisitos mínimos: PC Pentium II a 200 Mhz; 32 Mb. de RAM; Tarjeta gráfica de 4 Mb. (1024x768,16 bits) y monitor 1024 x 768; CD-Rom 16x o superiores; Tarjeta de sonido; Funciona con sistema Operativo Windows 95 o posterior. | ||
| 650 | 1 | 4 |
_aIglesias- _vCD-ROM. _913571 |
| 650 | 1 | 4 |
_aCatedrales- _vCD-ROM. _910847 |
| 830 | 0 |
_aObras maestras. Arquitectura ; _v5 _9231583 |
|
| 852 |
_aES-MaACL _jROT 1/1/5 |
||
| 999 |
_c82269 _d82269 |
||